Обеспечение безопасности в области использования атомной энергии: учебник

Bibliografiske detaljer
Hovedforfatter: Новиков Г. А. Геннадий Абрамович
Institution som forfatter: Уральский федеральный университет (УрФУ)
Andre forfattere: Ташлыков О. Л. Олег Леонидович (редактор), Щеклеин С. Е. Сергей Евгеньевич
Summary:Рассмотрены основные принципы и международные документы по безопасному использованию ядерной энергии, законодательные акты в области атомного права Российской Федерации. Освещены вопросы государственного управления использованием атомной энергии и государственного регулирования безопасности при использовании атомной энергии. Систематизированы сведения в области культуры безопасности. Рассмотрены вопросы обеспечения качества в атомной энергетике, системы менеджмента безопасности, управления персоналом. Рассмотрены принципы обеспечения безопасности на примере АЭС. Учебник предназначен для студентов, обучающихся по специальности 14.05.02 "Атомные станции: проектирование, эксплуатация и инжиниринг". Может быть использован также специалистами, занимающимися проектированием, эксплуатацией объектов использования атомной энергии.
Sprog:russisk
Udgivet: Екатеринбург, Изд-во Урал. ун-та, 2017
Fag:
Format: Bog
KOHA link:https://koha.lib.tpu.ru/cgi-bin/koha/opac-detail.pl?biblionumber=341462

MARC

LEADER 00000nam0a2200000 4500
001 341462
005 20231102005339.0
010 |a 9785799621254 
035 |a (RuTPU)RU\TPU\book\369471 
090 |a 341462 
100 |a 20181001d2017 m y0rusy50 ca 
101 0 |a rus 
102 |a RU 
105 |a a j 001zy 
200 1 |a Обеспечение безопасности в области использования атомной энергии  |e учебник  |f Г. А. Новиков, О. Л. Ташлыков, С. Е. Щеклеин  |g Уральский федеральный университет (УрФУ) ; под ред. Г. А. Новикова 
210 |a Екатеринбург  |c Изд-во Урал. ун-та  |d 2017 
215 |a 552 с.  |c ил. 
320 |a Библиогр.: с. 540-547 
320 |a Список принятых сокращений: с. 3-8 
330 |a Рассмотрены основные принципы и международные документы по безопасному использованию ядерной энергии, законодательные акты в области атомного права Российской Федерации. Освещены вопросы государственного управления использованием атомной энергии и государственного регулирования безопасности при использовании атомной энергии. Систематизированы сведения в области культуры безопасности. Рассмотрены вопросы обеспечения качества в атомной энергетике, системы менеджмента безопасности, управления персоналом. Рассмотрены принципы обеспечения безопасности на примере АЭС. Учебник предназначен для студентов, обучающихся по специальности 14.05.02 "Атомные станции: проектирование, эксплуатация и инжиниринг". Может быть использован также специалистами, занимающимися проектированием, эксплуатацией объектов использования атомной энергии. 
606 1 |a Ядерные реакторы  |x Безопасность  |2 stltpush  |3 (RuTPU)RU\TPU\subj\21618  |9 46575 
610 1 |a атомизм 
610 1 |a ядерная энергия 
610 1 |a освоение 
610 1 |a безопасное использование 
610 1 |a международные принципы 
610 1 |a ядерное право 
610 1 |a законодательные документы 
610 1 |a использование 
610 1 |a государственное управление 
610 1 |a регулирование 
610 1 |a культура безопасности 
610 1 |a учебники 
675 |a 621.039.58(075.8)  |v 4 
700 1 |a Новиков  |b Г. А.  |g Геннадий Абрамович 
701 1 |a Ташлыков  |b О. Л.  |g Олег Леонидович 
701 1 |a Щеклеин  |b С. Е.  |g Сергей Евгеньевич 
702 1 |a Новиков  |b Г. А.  |g Геннадий Абрамович  |4 340 
712 0 2 |a Уральский федеральный университет (УрФУ)  |c (Екатеринбург)  |c (2009- )  |2 stltpush  |3 (RuTPU)RU\TPU\col\16398 
801 1 |a RU  |b 63413507  |c 20181001 
801 2 |a RU  |b 63413507  |c 20181012  |g RCR 
942 |c BK